Le contrôle budgétaire (Record no. 42100)
[ view plain ]
| 000 -LEADER | |
|---|---|
| fixed length control field | 00664 a2200277 4500 |
| 037 ## - SOURCE OF ACQUISITION | |
| Source of stock number/acquisition | 2, Achat |
| 037 ## - SOURCE OF ACQUISITION | |
| Stock number | De 6878 |
| 037 ## - SOURCE OF ACQUISITION | |
| Stock number | De 6877 |
| 020 ## - NUMERO INTERNATIONAL NORMALISE DES LIVRES | |
| International Standard Book Number | 2-903380-16-3 |
| 100 ## - VEDETTE PRINCIPALE - NOM DE PERSONNE | |
| Personal name | Lochard, Jean |
| 100 ## - VEDETTE PRINCIPALE - NOM DE PERSONNE | |
| Language of a work | Fr |
| 240 ## - UNIFORM TITLE | |
| Uniform title | <a href="Le jeu de la vérité">Le jeu de la vérité</a> |
| 260 ## - PUBLICATION, DISTRIBUTION, ETC. (IMPRINT) | |
| Place of publication, distribution, etc | Paris |
| 260 ## - PUBLICATION, DISTRIBUTION, ETC. (IMPRINT) | |
| Name of publisher, distributor, etc | Les Editions d'Organisation |
| 260 ## - PUBLICATION, DISTRIBUTION, ETC. (IMPRINT) | |
| Name of publisher, distributor, etc | Editions Pierre Dubois S.A. |
| 245 ## - TITLE STATEMENT | |
| Title | Le contrôle budgétaire |
| 260 ## - PUBLICATION, DISTRIBUTION, ETC. (IMPRINT) | |
| Date of publication, distribution, etc | 1986 |
| 300 ## - PHYSICAL DESCRIPTION | |
| Extent | 160 p. |
| 300 ## - PHYSICAL DESCRIPTION | |
| Other physical details | 27cm |
| 440 ## - SERIES STATEMENT/ADDED ENTRY--TITLE | |
| Title | Collection IFG Systèmes Pédagogiques |
| 630 ## - SUBJECT ADDED ENTRY--UNIFORM TITLE | |
| Uniform title | 657 - Comptabilité |
| 650 ## - SUBJECT ADDED ENTRY--TOPICAL TERM | |
| Topical term or geographic name as entry element | 6 - SCIENCES APPLIQUEES |
| 650 ## - SUBJECT ADDED ENTRY--TOPICAL TERM | |
| Topical term or geographic name as entry element | Budget : contrôle |
| Withdrawn status | Lost status | Damaged status | Not for loan | Location (home branch) | Sublocation or collection (holding branch) | Date acquired | Koha issues (times borrowed) | Koha full call number | Koha date last seen | Price effective from | Koha item type |
|---|---|---|---|---|---|---|---|---|---|---|---|
| Bibliothèque Universitaire Centrale | Bibliothèque Universitaire Centrale | 28/02/2009 | 657 LOC | 28/02/2009 | 28/02/2009 | Livre |